| 000 | 00595nam a22001697a 4500 | ||
|---|---|---|---|
| 003 | SGT | ||
| 020 | _a9780070445208 | ||
| 082 | _a331,MOO | ||
| 100 | _aMMOD,ALEXANDER.M. | ||
| 245 | _aINTRODUCTION TO THE THEORY OF STATISTICS | ||
| 250 | _a3RD | ||
| 260 |
_aNEW DELHI _bTMH _c2001 |
||
| 300 | _a564 | ||
| 650 | _aLABOR ECONOMICS | ||
| 653 | _aEXCERPTS FROM THE FIRST AND SECOND EDITION PREFACES,RANDOM VARIABLES,DISTRIBUTION FUNCTIONS AND EXPECTATION,SPECIAL PARAMETRIC FAMILIES OF UNIVERSITY DISTRIBUTIONS,SAMPLING AND SAMPLING DISTRIBUTION,PARAMETRIC INTERVAL ESTIMATION | ||
| 942 |
_2ddc _cFPS |
||
| 999 |
_c9382 _d9382 |
||